Introducción al estudio de los insectos de Chile
Saved in:
| Hovedforfatter: | |
|---|---|
| Format: | Bog |
| Sprog: | spansk |
| Udgivet: |
Santiago
Universitaria
1986
|
| Udgivelse: | 4a. ed |
| Serier: | Imagen de Chile
|
| Fag: | |
| Tags: |
Tilføj Tag
Ingen Tags, Vær først til at tagge denne postø!
|
MARC
| LEADER | 00000nam a2200000 a 4500 | ||
|---|---|---|---|
| 001 | UCR3651 | ||
| 003 | CL-VaPUC | ||
| 005 | 20240910154604.0 | ||
| 008 | 980130e19860000CL |||||||||||||||||spa|d | ||
| 999 | |c 266704 |d 266702 | ||
| 040 | |c Pontificia Universidad Católica de Valparaíso | ||
| 082 | 0 | 4 | |a 595.70983 |b PEÑ |2 21 |
| 100 | 0 | |a Peña G., Luís E |e author |9 402735 | |
| 245 | 1 | 0 | |a Introducción al estudio de los insectos de Chile |
| 250 | |a 4a. ed | ||
| 260 | |a Santiago |b Universitaria |c 1986 | ||
| 300 | |a 253 p | ||
| 490 | 0 | |a Imagen de Chile | |
| 583 | |a last modification |c 20180227 06:20:43 |k Rodrigo Vera | ||
| 650 | 0 | |a Entomología |9 269835 |x Clasificación de insectos | |
| 650 | 0 | |a Control biológico de plagas |9 328048 |x Colecta | |
| 650 | 0 | |a Insectos de Chile |9 891252 | |
| 942 | |c BK |2 ddc | ||
| 945 | |d 19980130 00:00:00 |a jquezada | ||
| 952 | |0 0 |1 0 |4 0 |6 595_709830000000000_PEÑ_1986 |7 0 |8 A |9 298533 |a BIBCUR |b BIBCUR |d 2019-11-20 |i 3391256 |o 595.70983 PEÑ 1986 |p 3391256 |r 2025-04-22 |w 2019-11-20 |y BK |k BAC | ||
| 952 | |0 0 |1 0 |4 0 |6 595_709830000000000_PEÑ_1986 |7 0 |8 A |9 298534 |a BIBCUR |b BIBCUR |d 2019-11-20 |i 3416186 |o 595.70983 PEÑ 1986 |p 3416186 |r 2025-04-22 |w 2019-11-20 |y BK |k BCB | ||
| 952 | |0 0 |1 0 |4 0 |6 595_709830000000000_PEÑ_1986 |7 0 |8 A |9 298535 |a BIBCUR |b BIBCUR |d 2019-11-20 |i 3416194 |o 595.70983 PEÑ 1986 |p 3416194 |r 2025-04-22 |w 2019-11-20 |y BK |k BCB | ||
| 952 | |0 0 |1 0 |4 0 |6 595_709830000000000_PEÑ_1986 |7 0 |8 A |9 298536 |a BIBCUR |b BIBCUR |d 2019-11-20 |i 3416208 |o 595.70983 PEÑ 1986 |p 3416208 |r 2025-04-22 |w 2019-11-20 |y BK |k BCB | ||
| 952 | |0 0 |1 0 |4 0 |6 595_709830000000000_PEÑ_1986 |7 0 |8 A |9 298537 |a BIBCUR |b BIBCUR |d 2019-11-20 |i 3416216 |o 595.70983 PEÑ 1986 |p 3416216 |r 2025-04-22 |w 2019-11-20 |y BK |k BCB | ||
| 952 | |0 0 |1 0 |4 0 |6 595_709830000000000_PEÑ_1986 |7 0 |8 A |9 298538 |a BIBCUR |b BIBCUR |d 2019-11-20 |i 3416224 |o 595.70983 PEÑ 1986 |p 3416224 |r 2025-04-22 |w 2019-11-20 |y BK |k BCB | ||
| 952 | |0 0 |1 0 |4 0 |6 595_709830000000000_PEÑ_1986 |7 0 |8 A |9 298539 |a BIBCUR |b BIBCUR |d 2019-11-20 |i 3416232 |o 595.70983 PEÑ 1986 |p 3416232 |r 2025-04-22 |w 2019-11-20 |y BK |k BCB | ||
| 952 | |0 0 |1 0 |4 0 |6 595_709830000000000_PEÑ_1986 |7 0 |8 A |9 298540 |a BIBCUR |b BIBCUR |d 2019-11-20 |i 3416240 |o 595.70983 PEÑ 1986 |p 3416240 |r 2025-04-22 |w 2019-11-20 |y BK |k BCB | ||
| 952 | |0 0 |1 0 |4 0 |6 595_709830000000000_PEÑ_1986 |7 0 |8 A |9 298541 |a BIBCUR |b BIBCUR |d 2019-11-20 |i 3416259 |o 595.70983 PEÑ 1986 |p 3416259 |r 2025-04-22 |w 2019-11-20 |y BK |k BCB | ||
| 952 | |0 0 |1 0 |4 0 |6 595_709830000000000_PEÑ_1986 |7 0 |8 A |9 298542 |a BIBCUR |b BIBCUR |d 2019-11-20 |i 3416267 |o 595.70983 PEÑ 1986 |p 3416267 |r 2025-04-22 |w 2019-11-20 |y BK |k BCB | ||
| 952 | |0 0 |1 0 |4 0 |6 595_709830000000000_PEÑ_1986 |7 0 |8 A |9 298543 |a BIBCUR |b BIBCUR |d 2019-11-20 |i 3416275 |l 1 |o 595.70983 PEÑ 1986 |p 3416275 |r 2025-04-22 |s 2023-05-12 |w 2019-11-20 |y BK |k BCB | ||
| 952 | |0 0 |1 0 |4 0 |6 595_709830000000000_PEÑ_1986 |7 0 |8 R |9 298544 |a BIBAGR |b BIBAGR |d 2019-11-20 |i 3419746 |o 595.70983 PEÑ 1986 |p 3419746 |r 2024-01-30 |w 2019-11-20 |y BK_R |k AGR | ||
| 952 | |0 0 |1 0 |4 0 |6 595_709830000000000_PEÑ_1986 |7 0 |8 R |9 298545 |a BIBAGR |b BIBAGR |d 2019-11-20 |i 3419754 |o 595.70983 PEÑ 1986 |p 3419754 |r 2024-01-30 |w 2019-11-20 |y BK_R |k AGR | ||
| 952 | |0 0 |1 0 |4 0 |6 595_709830000000000_PEÑ_1986 |7 0 |8 R |9 298546 |a BIBAGR |b BIBAGR |d 2019-11-20 |i 3419762 |l 1 |o 595.70983 PEÑ 1986 |p 3419762 |r 2025-03-31 |s 2025-03-27 |w 2019-11-20 |y BK_R |k AGR | ||
| 952 | |0 0 |1 0 |4 0 |6 595_709830000000000_PEÑ_1986 |7 0 |8 R |9 298547 |a BIBAGR |b BIBAGR |d 2019-11-20 |i 3419770 |l 3 |o 595.70983 PEÑ 1986 |p 3419770 |r 2024-09-09 |s 2024-09-05 |w 2019-11-20 |y BK_R |k AGR | ||
| 952 | |0 0 |1 0 |4 0 |6 595_709830000000000_PEÑ_1986 |7 0 |8 R |9 298548 |a BIBAGR |b BIBAGR |d 2019-11-20 |i 3419789 |l 3 |o 595.70983 PEÑ 1986 |p 3419789 |r 2025-03-31 |s 2025-03-27 |w 2019-11-20 |y BK_R |k AGR | ||
| 952 | |0 0 |1 0 |4 0 |6 595_709830000000000_PEÑ_1986 |7 0 |8 R |9 298549 |a BIBAGR |b BIBAGR |d 2019-11-20 |i 3419797 |o 595.70983 PEÑ 1986 |p 3419797 |r 2024-01-30 |w 2019-11-20 |y BK_R |k AGR | ||
| 952 | |0 0 |1 0 |4 0 |6 595_709830000000000_PEÑ_1986 |7 0 |8 R |9 298550 |a BIBAGR |b BIBAGR |d 2019-11-20 |i 3419800 |o 595.70983 PEÑ 1986 |p 3419800 |r 2024-01-30 |w 2019-11-20 |y BK_R |k AGR | ||
| 952 | |0 0 |1 0 |4 0 |6 595_709830000000000_PEÑ_1986 |7 0 |8 A |9 298551 |a BIBCUR |b BIBCUR |d 2019-11-20 |i 3419819 |o 595.70983 PEÑ 1986 |p 3419819 |r 2025-04-22 |w 2019-11-20 |y BK |k BCB | ||
| 952 | |0 0 |1 0 |4 0 |6 595_709830000000000_PEÑ_1986 |7 0 |8 A |9 298552 |a BIBCUR |b BIBCUR |d 2019-11-20 |i 3419827 |o 595.70983 PEÑ 1986 |p 3419827 |r 2025-04-22 |w 2019-11-20 |y BK |k BCB | ||
| 952 | |0 0 |1 0 |4 0 |6 595_709830000000000_PEÑ_1986 |7 0 |8 A |9 298553 |a BIBCUR |b BIBCUR |d 2019-11-20 |i 3419835 |o 595.70983 PEÑ 1986 |p 3419835 |r 2025-04-22 |w 2019-11-20 |y BK |k BCB | ||